LIBRARY & INFORMATION CENTRE, KCAET, TAVANUR

ONLINE PUBLIC ACCESS CATALOGUE (OPAC)

Organic farming in india : problems and prospects / (Record no. 13107)

MARC details
000 -LEADER
fixed length control field 00480cam a2200181ua 4500
041 ## - LANGUAGE CODE
Language code of text/sound track or separate title eng
082 ## - DEWEY DECIMAL CLASSIFICATION NUMBER
Classification number 631.584
Item number THA/OR
100 ## - MAIN ENTRY--AUTHOR NAME
Personal name Thapa, v .
245 ## - TITLE STATEMENT
Title Organic farming in india : problems and prospects /
260 ## - PUBLICATION, DISTRIBUTION, ETC. (IMPRINT)
Place of publication Udaipur :
Name of publisher Agrotech publishing Acadamy ,
Year of publication 2006.
300 ## - PHYSICAL DESCRIPTION
Number of Pages 192 ; .
700 1# - ADDED ENTRY--PERSONAL NAME
Personal name Tripathy, P .
942 ## - ADDED ENTRY ELEMENTS (KOHA)
Koha item type Books
Holdings
Withdrawn status Lost status Damaged status Home library Current library Date acquired Full call number Accession Number Koha item type
      KAUAET KAUAET 07/04/2012 631.584 21615 Books
free website counter